000 00743nam a2200241Ia 4500
003 OSt
005 20221007063231.0
006 a|||||r|||| 00| 0
007 ta
008 221006b |||||||| |||| 00| 0 eng d
024 _a3,069
037 _cTextual
040 _aFLL
_cFLL
_beng
041 _2eng
_aeng
082 _aZ2:166, K9
100 _aGangal J.D. Au.
_9683941
245 0 _aLaw of insolvency in india
_b The presidency towns insolvecny act - 1909 and provincial insolvency act, 1920
250 _a1st
260 _aBombay
_bNew Literature Publishing Company India
_c1969
650 _aLaw of insolvency in india
_9681534
942 _hZ2:166, K9
_cTEXL
_2CC
999 _c1130756
_d1130756